Modelling of Non-Maturing Liabilities in Survival Period for Liquidity Risk Management Purposes

Riziko likvidity je dôsledok neistoty, ohľadom budúcich peňažných prostriedkov. Riziko likvidity je jedným z hlavných bankových rizík, pretože výsledok krízy likvidity nie je iba strata, ale aj bankrot finančných inštitúcií. Predpovedanie budúcich peňažných tokov, vznikajúcich z firemných vkladových...

Descrizione completa

Salvato in:
Dettagli Bibliografici
Autore principale: Mihalech, Patrik, 1994-
Natura: Capitolo di libro
Lingua:inglese
Soggetti:
Tags: Aggiungi Tag
Nessun Tag, puoi essere il primo ad aggiungerne!!

MARC

LEADER 00000naa$a2200000$$$4500
001 0287164
005 20240502083916.8
041 0 |a eng 
044 |a RS 
245 1 0 |a Modelling of Non-Maturing Liabilities in Survival Period for Liquidity Risk Management Purposes  |c Patrik Mihalech 
520 |a Riziko likvidity je dôsledok neistoty, ohľadom budúcich peňažných prostriedkov. Riziko likvidity je jedným z hlavných bankových rizík, pretože výsledok krízy likvidity nie je iba strata, ale aj bankrot finančných inštitúcií. Predpovedanie budúcich peňažných tokov, vznikajúcich z firemných vkladových účtov bez zmluvnej splatnosti. 
610 2 0 |a kríza 
610 2 0 |a riziko 
610 2 0 |a riziko bankové 
610 2 0 |a riziko likvidity 
610 2 0 |a záväzky 
100 1 |a Mihalech, Patrik, 1994-